000 00574nam a2200157 a 4500
008 120416s1998 ||||||||||||||||| || u
020 _a0750640588
050 _aTK 4255 Sca
100 _aScaddan, Brian
245 1 0 _aIEE 16th edition wiring regulations: explained and illustrated (4th ed.)
250 _a4th ed.
260 _aOxford
_bNewnes
_c1998
300 _ax, 112p. : ill.
350 _a0.00
995 _D0.00
_FCBU-MAIN LIBRARY (Kitwe)
_H1
_I17.00
_M1
_UAVAILABLE
_WJul 11, 2006
_ZMain Library Open Access Collection
999 _c46136
_d46136